MARTIN'S PHYSICAL PHARMACY AND PHARMACEUTICAL SCIENCES (Record no. 216895)

MARC details
000 -LEADER
fixed length control field 00535nam a22001817a 4500
008 - FIXED-LENGTH DATA ELEMENTS--GENERAL INFORMATION
fixed length control field 260330b |||||||| |||| 00| 0 eng d
020 ## - INTERNATIONAL STANDARD BOOK NUMBER
International Standard Book Number 978-0-7817-9766-5
100 ## - MAIN ENTRY--PERSONAL NAME
Personal name SINKO, PATRICK J.
245 ## - TITLE STATEMENT
Title MARTIN'S PHYSICAL PHARMACY AND PHARMACEUTICAL SCIENCES
250 ## - EDITION STATEMENT
Edition statement 6TH ED
260 ## - PUBLICATION, DISTRIBUTION, ETC.
Place of publication, distribution, etc. PHILADELPHIA
Name of publisher, distributor, etc. WOLTERS KLUWER
Date of publication, distribution, etc. 2011
300 ## - PHYSICAL DESCRIPTION
Extent VIII, 659P.
500 ## - GENERAL NOTE
General note INCLUDES INDEX
650 ## - SUBJECT ADDED ENTRY
Topical term or geographic name entry element 1. CHEMISTRY, PHARMACEUTICAL 2. CHEMISTRY, PHYSICAL
700 ## - ADDED ENTRY--PERSONAL NAME
Personal name SINGH, YASHVEER
942 ## - ADDED ENTRY ELEMENTS (KOHA)
Source of classification or shelving scheme Library of Congress Classification
Koha item type Long Loan Book
Holdings
Withdrawn status Lost status Source of classification or shelving scheme Damaged status Not for loan Collection Home library Current library Shelving location Date acquired Inventory number Total checkouts Full call number Barcode Date last seen Copy number Price effective from Koha item type
    Library of Congress Classification     Medicine Kisii University Library Kisii University Library On Display 03/30/2026 112651   RS 403 .M37 2011 A000148 03/30/2026 1 03/30/2026 Long Loan Book
    Library of Congress Classification     Medicine Kisii University Library Kisii University Library On Display 03/30/2026 112652   RS 403 .M37 2011 A000146 03/30/2026 2 03/30/2026 Long Loan Book
    Library of Congress Classification     Medicine Kisii University Library Kisii University Library On Display 03/30/2026 112653   RS 403 .M37 2011 A000143 03/30/2026 3 03/30/2026 Long Loan Book
    Library of Congress Classification     Medicine Kisii University Library Kisii University Library On Display 03/30/2026 112654   RS 403 .M37 2011 A000141 03/30/2026 4 03/30/2026 Long Loan Book
    Library of Congress Classification     Medicine Kisii University Library Kisii University Library On Display 03/30/2026 112655   RS 403 .M37 2011 A000144 03/30/2026 5 03/30/2026 Long Loan Book